| 000 | 00408cam a2200181ua 4500 | ||
|---|---|---|---|
| 020 | _c3.00 | ||
| 041 |
_ahin _h |
||
| 082 |
_a891.54 _bKAL/KU |
||
| 100 | _aKaalidas, . | ||
| 245 |
_aKumara sambav / _cKaalidas. _hTextual Documents |
||
| 250 |
_a3 / _b. |
||
| 260 |
_a : _bRajpal and Sanch , _c1961. |
||
| 300 | _a182 ; . | ||
| 365 | _a3.00 | ||
| 504 | _a | ||
| 942 | _cBK | ||
| 999 |
_c6430 _d6430 |
||